00821nam a2200181 4500008004100000020001800041100001600059245007300075260004200148300002900190504006400219650004900283650005600332650006500388942003400453999001700487952013500504260323b |||||||| |||| 00| 0 eng d a9780230300750 aWodak, Ruth aThe Discourse of Politics in Action:bpolitics as usual/cRuth Wodak aNew York:bPalgrave Macmillan,c2007. axvi,252p.:bill.;c21cm. aIncludes bibliographical references (p. 208-252) and index. 2Political science - European union counties. 2Communication in politics- European union counties. 2European parliament - official and employees - case studies. 2lcccBOOKShJA 84 .E9W63 2009 c32375d32375 00102lcc4070aMUCbMUCcGENd2025-10-16eDonation by Falcong4885.00l0oJA84 .E9W63 2009p40309r2026-06-10w2026-03-23yBOOKS